| 000 | 02016nam a22004697a 4500 | ||
|---|---|---|---|
| 001 | 3950 | ||
| 005 | 20250919153734.0 | ||
| 020 | _a708431212121 | ||
| 040 |
_aYDX _beng _cYDX _dJRZ _dOCLCO _dOCLCF _dOCLCO _erda _dDLC |
||
| 082 | 0 | 4 | _a372.4 |
| 100 | _aLeapFrog | ||
| 245 | 0 | 0 | _aGet ready for kindergarten : |
| 260 |
_aCalifornia : _bLeapFrog Enterprses, Inc ; _c2012 |
||
| 300 |
_a25 pages : _bcolor illustrations ; _c24 cm . |
||
| 490 | _aTag Reading System | ||
| 505 | 0 | _aH | |
| 520 | _aExplore key reading, mathematics and life skills that help children prepare for school. Play ... letter games with animal friends and use mathematics skills to serve snacks to silly dragons. Plus, solve logic puzzles and learn about daily routines on a jungle journey."--Container | ||
| 521 |
_a450
_bLexile estimate |
||
| 521 |
_aH
_bRaz-Plus |
||
| 650 | 0 |
_aKindergarten _xActivity programs. |
|
| 650 | 0 |
_aReadiness for school _vJuvenile literature. |
|
| 650 | 0 |
_aAlphabets _vJuvenile literature. |
|
| 650 | 0 |
_aCounting _vJuvenile literature. |
|
| 650 | 6 |
_aJardins d'enfants _xMéthodes actives. |
|
| 650 | 6 |
_aAptitude à la scolarité _vOuvrages pour la jeunesse. |
|
| 650 | 6 |
_aAlphabets (Décoration) _vOuvrages pour la jeunesse. |
|
| 650 | 6 |
_aCalcul _vOuvrages pour la jeunesse. |
|
| 650 | 7 |
_aAlphabets. _2fast _0(OCoLC)fst00805974 |
|
| 650 | 7 |
_aCounting. _2fast _0(OCoLC)fst00881354 |
|
| 650 | 7 |
_aKindergarten _xActivity programs. _2fast _0(OCoLC)fst00987553 |
|
| 650 | 7 |
_aReadiness for school. _2fast _0(OCoLC)fst01090623 |
|
| 655 | 7 |
_aexercise books. _2aat |
|
| 655 | 7 |
_aActivity books. _2fast _0(OCoLC)fst01982935 |
|
| 655 | 7 |
_aJuvenile works. _2fast _0(OCoLC)fst01411637 |
|
| 655 | 7 |
_aProblems and exercises. _2fast _0(OCoLC)fst01423783 |
|
| 655 | 7 |
_aProblems and exercises. _2lcgft |
|
| 655 | 7 |
_aActivity books. _2lcgft |
|
| 655 | 7 |
_aProblèmes et exercices. _2rvmgf |
|
| 655 | 7 |
_aCahiers d'activités. _2rvmgf |
|
| 906 |
_a7 _bcbc _ccopycat _d2 _encip _f20 _gy-gencatlg |
||
| 942 |
_2ddc _cBK _n0 |
||
| 999 |
_c3950 _d3950 |
||